V. I. Lê - Nin Làm gì?

Na minha lista:
Detalhes bibliográficos
Autor principal: Lê - Nin V. L
Formato: Livro
Idioma:Vietnamese
Publicado em: H. Tiến bộ Mát-Xcơ-va 1974
Assuntos:
Tags: Adicionar Tag
Sem tags, seja o primeiro a adicionar uma tag!
Thư viện lưu trữ: Mạng thư viện Đại học Đà Nẵng
LEADER 01003nam a2200313 4500
001 000007653
003 3816
005 20120523090519.0
008 111010s1974 viesd
041 0 |a vie 
082 |a 335.402  |b LÊ-N 
100 1 |a Lê - Nin V. L 
245 0 |a V. I. Lê - Nin  |b Làm gì?  |c Lê - Nin V. L 
260 |a H.  |b Tiến bộ  |b Mát-Xcơ-va  |c 1974 
300 |a 222 tr  |c 17 cm 
653 |a V. I. Lê - Nin 
653 |a Cách mạng vô sản 
653 |a Liên Xô 
910 |a Nguyễn Thị Kim Oanh  |d 10/10/2011 
OWN |a LSP 
AVA |a UDN50  |b LSP  |d 335.402 LÊ-N  |e available  |t Error 5001 Not defined in file expand_doc_bib_avail.  |f 4  |g 0  |h N  |i 0  |k 1 
999 |a From the UDN01 
AVA |a UDN50  |b LSP  |d 335.402 LÊ-N  |e available  |t Error 5001 Not defined in file expand_doc_bib_avail.  |f 4  |g 0  |h N  |i 0  |k 1 
TYP |a Monograph 
TYP |a Printed language 
980 |a Mạng thư viện Đại học Đà Nẵng